000 004810000a22001810004500
003 MACL
005 20151004125613.0
008 151004b xxu||||| |||| 00| 0 eng d
040 _aMACL
_cMACL
041 _aEnglish
082 _a910/NAI
100 _aNair, K. K. Ramachandran
_913604
245 _aGazetteer of India
_bKerala State Gazetteer
260 _bGovernment of Kerala
_c1986
_aTrivandarum
350 _a60
650 _aGeography & Travels
_913605
942 _cBK
_k910
_2ddc
999 _c4620
_d4620